|
|
|
|
| LEADER |
00888nta a2200217 i 4500 |
| 001 |
dokt1694 |
| 005 |
20191207151643.0 |
| 008 |
130122s2013 hu om 0|| eng d |
| 024 |
7 |
|
|a 10.14232/phd.1694
|2 doi
|
| 024 |
7 |
|
|a 2791729
|2 mtmt
|
| 040 |
|
|
|a SZTE Doktori Repozitórium
|b hun
|
| 041 |
|
|
|a eng
|
| 100 |
1 |
|
|a Végh Attila Gergely
|
| 245 |
1 |
0 |
|a Nano-biomechanical investigation of living endothelial cells
|h [elektronikus dokumentum] /
|c Végh Attila Gergely
|
| 246 |
1 |
0 |
|a Élő agyi endotélsejtek nano-biomechanikai vizsgálata
|h [elektronikus dokumentum]
|
| 260 |
|
|
|c 2013-03-14
|
| 502 |
|
|
|a Disszertacio
|
| 650 |
|
4 |
|a elméleti orvostudományok
|
| 700 |
1 |
|
|a Váró György
|e ths
|
| 856 |
4 |
0 |
|u https://doktori.bibl.u-szeged.hu/id/eprint/1694/1/VeghAG_PhD_tezis_.pdf
|z Dokumentum-elérés
|
| 856 |
4 |
0 |
|u https://doktori.bibl.u-szeged.hu/id/eprint/1694/2/VeghAG_tezisfuzet.pdf
|z Dokumentum-elérés
|